000 00765nam a2200241Ia 4500
003 OSt
005 20220923213216.0
006 a|||||r|||| 00| 0
007 ta
008 220922b |||||||| |||| 00| 0 hin d
024 _a159,862
037 _cTextual
040 _aARTS
_cARTS
_bhin
041 _2hin
_ahin
082 _aO152,3xN5, L5
100 _aगुप्त, परमानन्द, संपा.
245 0 _aसाम्प्रतिक हिन्दी कहानी
246 _aSāmpratik hindī kahānī
260 _c1975
650 _aहिन्दी साहित्य
_9156264
942 _hO152,3xN5, L5
_cTEXL
_2CC
999 _c314609
_d314609